000 00653nam a2200277Ia 4500
005 20260324143223.0
008 008 260324s9999 xx 000 0 eng d
020 _a9781315121307
037 _aEBOOK
040 _aCRL
040 _beng
040 _cCRL
041 _2eng
041 _aeng
084 _qCRL
100 _aAlexander Vologodskii
_91214839
245 0 _aTopology and Physics of Circular DNA (1992)
260 _bTaylor and Francis
260 _c1992
365 _a
365 _b300
856 _uhttp://www.taylorfrancis.com/books/9781315121307
942 _cEBOOK
999 _c1819970
_d1819970